| 000 | 00454nam a2200157Ia 4500 | ||
|---|---|---|---|
| 999 |
_c19160 _d19160 |
||
| 003 | OSt | ||
| 005 | 20200703095603.0 | ||
| 008 | 190216s9999||||xx |||||||||||||| ||und|| | ||
| 040 | _coclc | ||
| 082 |
_a942 _bPAT/H |
||
| 100 |
_aPatnaik, Jagannath _93484 |
||
| 245 | 0 |
_aHistory Of England 1485-1815 / _cJagannath Patnaik |
|
| 260 |
_bS Chand & Co, _aNew Delhi: _c1979. |
||
| 300 | _a224p | ||
| 942 |
_cBK _2ddc _h942 _iPAT/H _k942 _mPAT/H |
||